MDQL
is popping MORE tags! Check the
thread
!
Quizzes
Events
Quiz Creation
Community
Videos
Private Events
Remove Ads
Sign In
Join for FREE
Feedback
Dark Mode
Quiz Categories
Sports
Geography
Music
Movies
Television
Just For Fun
Miscellaneous
History
Literature
Language
Science
Gaming
Entertainment
Religion
Holiday
For Kids
Quiz Lab
Recent
Popular Today
Quiz Kudos Today
Editor Picks
Curator Picks
Quizzes by...
Day
Popularity
Type
Ratings
Length
Year
Community
Subscriptions
Recent Discussions
Orange Saloon
Badges
Playlists
Quests
Create
Leaderboards
Showdown
Live 5
Trivia Bingo
Activity
Puzzle Library
Sporcle Events
Private Events
Virtual Trivia
Globe League
Become a Host
Pub Owners
SporcleCon
Opinionation
Our Games
Videos
Blog
Mobile Apps
Partnerships
Remove Ads and Go Orange
Feedback
Miscellaneous
Crossword
General Knowledge
Baby Names
Logo
Food
Cars
Numbers
Grab Bag
University
College
Popular
Company
Slogans
Restaurants
Justice
Letter
Miscellaneous
Crossword
General Knowledge
Baby Names
Logo
Food
Cars
Numbers
Grab Bag
University
College
Popular
Company
Slogans
Restaurants
Justice
Letter
Random Quiz
Search Sporcle
×
Quiz Lab
Quiz Lab
Miscellaneous
Begins and Ends
Type in answers that appear in a list
Type in answers that appear in a list
Classic
Best Score? Go Orange.
CD Things Stats
Can you name the people, places, or things with the initials C.D.?
By
savoyard1
5m
20 Questions
76 Plays
76 Plays
76 Plays
Comments
Comments
Give Quiz Kudos
Give Quiz Kudos
-
- Ratings
hide this ad
More Info
Replay
Link that replays current quiz
Next Quiz
Link to next quiz in quiz playlist
You Got
0%
They Got
Avg Score
45%
Avg Friend Score
Upgrade to see
Score Distribution
Jump to the score distribution portion of the page
Score
0/20
Timer
05:00
0
Plays Today
Hint
Answer
% Correct
That round thing we used to use before MP3s
compact disc
82.9%
C.D. could stand for Canadian Diva
Celine Dion
78.9%
It was the best of clues, it was the worst of clues.
Charles Dickens
63.2%
The 'Origin of' this answer evolved
Charles Darwin
63.2%
Famous designer (e.g. the 'New Look')
Christian Dior
60.5%
For 24 and 9, it's 3
common denominator
53.9%
There's something about her . . .
Cameron Diaz
52.6%
Very pale ginger ale
Canada Dry
52.6%
About $0.93 US at the moment
Canadian dollar
48.7%
Traditionally done in wooden-
soled shoes; very annoying to downstairs neighbors
Clog dancing
46.1%
Hint
Answer
% Correct
French Impressionist composer; shares first name with French Impressionist painters
Claude Debussy
43.4%
A man in Victoria's Secret might be buying a present, but might be a . . .
cross-dresser
43.4%
On this you can see forever
clear day
42.1%
An inflammatory bowel disorder, perhaps autoimmune, associated with cramps, weight loss, and narrowing of the bowel
Crohn's Disease
36.8%
Lawyer in Scopes trial, Leopold & Loeb, other controversial cases
Clarence Darrow
34.2%
American luxury car, made from 1949 to 2005
Cadillac deVille
31.6%
The U.S. has 435 of these, mainly in very strange shapes
Congressional District
23.7%
This magazine is on the go
Car & Driver
22.4%
One way to lend money to a bank
certificate of deposit
22.4%
You really don't want to go driving with them
crash dummies
6.6%
Quiz Playlist
Details
Report
Send in Message
Add To Playlist
More Info:
I omit words like "and" and "of" for the purposes of these acronyms/initials/whatever.
Classic:
Type in answers that appear in a list
Last Updated: Feb 16, 2017
Quiz Scoreboard
CHALLENGE
Sign Up to Join the Scoreboard
Show All
Scores
Hide
Comments
May contain spoilers
Recently Published
Image Sorting: Flags VI
by Barbecue
Geography
2m
Find the 'City' Movie
by crazypaving
Movies
60s
Colored Red Africa Blitz
by spor1
Geography
45s
More to Explore
Quiz From the Vault
Featured Blog Post
14 Easter Pick-up Lines to Find Eggs With
hide this ad
You Might Also Like...
Tags
Begins and Ends Quiz
Abbreviation
Acronym
Begins With
cds
initial
Letter C
Letter D
Shortened
Starts With
Today's Top Quizzes in Miscellaneous
Browse Miscellaneous
hide this ad
Today's Top Quizzes in Begins and Ends
Browse Begins and Ends
Top Contributed Quizzes in Miscellaneous
1
The JOE quick-fire general knowledge quiz: Day 174
2
5-to-1: Fast Food
3
9x9 Crossword: Disney Movie Titles
4
9x9 Crossword: Charlie and the Chocolate Factory
5
The JOE quick-fire general knowledge quiz: Day 173
6
9x9 Crossword: 2022 Movies
7
9x9 Crossword: Actors
8
9x9 Crossword: The Simpsons
9
9x9 Crossword: Pixar Movie Titles
10
9x9 Crossword: Flags
Explore More
Trending Topics
Crossword
Harry Potter
NBA
Kpop
Disney
Anime
Marvel
The Office
Pokémon
Soccer
Country
Puzzle
Song
NFL
WWE
hide this ad
More By:
savoyard1
Quiz
Plays
Rating
Category
Featured
Created
Add a 'D' to the Beginning
23,695
4.47
Language
Jul 7, 2016
MLB: Fewest Seasons to 2000 Strikeouts
11,059
4.79
Sports
Dec 22, 2021
German Brewery or German Chancellor?
11,003
4.73
Just For Fun
Dec 10, 2021
Word Ladder: HoF Pitchers
9,434
4.27
Just For Fun
Aug 23, 2015
French Cheese or French President?
9,356
4.84
Just For Fun
Nov 5, 2021
Go to Creator's Profile
Score Distribution
Quiz Creator Spotlight
savoyard1
Follow
Send a Message
Quizzes Created
-
Created Quiz Play Count
-
More By This Creator
Popular Quizzes Today
1
Colored Red Africa Blitz
2
Find the US States - No Outlines Minefield
3
Find the 'City' Movie
4
5x2 Blitz: Bands
5
The Countries of the World
6
Find the US States
7
Find the Countries of Europe - No Outlines Minefield
8
US States
More Miscellaneous Quizzes
Know Your Food: Sortable Sorts
Quiz Lab
Trending Quizzes
Colored Red Europe Blitz I
Colored Red Europe Blitz II
Colored Red Africa Blitz II
Colored Red Europe Blitz III
Colored Red Africa Blitz III
Recently Updated
How Do You Spell That?
pecheneg
Godzilla Movies
pecheneg
Grab Bag: 4-10 Letters
pecheneg
2024 March Madness Bracket
pecheneg
Famous TV Couples
Peacemaker
Champions League XIs: Real Madrid
pecheneg
Largest US Cities 1790-2010
pecheneg
Rides in Walt Disney World
pecheneg
Most Oscar Losses (Acting)
pecheneg
Beyoncé Albums
pecheneg
Trending Topics
Crossword
Kpop
Disney
NBA
Anime
Harry Potter
Marvel
Soccer
Pokémon
WWE
NFL
Song
Country
Puzzle
The Office
Your Account Isn't Verified!
In order to create a playlist on Sporcle, you need to verify the email address you used during registration. Go to your
Sporcle Settings
to finish the process.
Report this User
Report this user for behavior that violates our
Community Guidelines
.
Details:
Send Report
Go to the Sporcle.com Mobile Site →
Comments